ბათუმის შოთა რუსთაველის სახელმწიფო უნივერსიტეტის ბიბლიოთეკა

Запад и Восток : (ბიბ.ჩანაწერი № 60779)

000 -LEADER
fixed length control field 00589nam a22001697a 4500
005 - DATE AND TIME OF LATEST TRANSACTION
control field 20231020113707.0
008 - FIXED-LENGTH DATA ELEMENTS--GENERAL INFORMATION
fixed length control field 231020s1966 ru ||||| |||| 00| 0 rus d
041 ## - LANGUAGE CODE
Language code of text/sound track or separate title rus
080 ## - UNIVERSAL DECIMAL CLASSIFICATION NUMBER
Universal Decimal Classification number 930.85(100) K-64
100 ## - MAIN ENTRY--PERSONAL NAME
Personal name Конрад, Н.И.
9 (RLIN) 20159
245 ## - TITLE STATEMENT
Title Запад и Восток :
Remainder of title Статьи /
Statement of responsibility, etc. Н. И. Конрад.
264 ## - PRODUCTION, PUBLICATION, DISTRIBUTION, MANUFACTURE, AND COPYRIGHT NOTICE
Place of production, publication, distribution, manufacture Москва:
Name of producer, publisher, distributor, manufacturer Гл. ред. восточн. лит-ры,
Date of production, publication, distribution, manufacture, or copyright notice 1966.
300 ## - PHYSICAL DESCRIPTION
Extent 520 стр.:
Other physical details 22 см.
653 ## - INDEX TERM--UNCONTROLLED
keyword დასავლეთი და აღმოსავლეთი
653 ## - INDEX TERM--UNCONTROLLED
keyword ისტორია
942 ## - ADDED ENTRY ELEMENTS (KOHA)
Source of classification or shelving scheme
Koha item type წიგნი
ეგზემპლარები
Withdrawn status Lost status Source of classification or shelving scheme Damaged status Not for loan Permanent Location Current Location Shelving location Date acquired Cost, normal purchase price Full call number Barcode Date last seen Copy number Uniform Resource Identifier Price effective from Koha item type Public note
          ბათუმის შოთა რუსთაველის სახელმწიფო უნივერსიტეტის მთავარი ბიბლიოთეკა ბათუმის შოთა რუსთაველის სახელმწიფო უნივერსიტეტის მთავარი ბიბლიოთეკა წიგნსაცავი 2023-10-20 8.00 930.85(100) K-64 65359 2023-10-20 65359 ბსუ-ს საპატიო დოქტორის გურამ ლორთქიფანიძის საჩუქარი 2023-10-20 წიგნი 8 ლ.